[Event "FIDE World Uni Blitz-B 1st"]
[Site "Tornelo INT"]
[Date "2021.03.13"]
[Round "9.25"]
[White "Ortega Carrasco, Alex Benjamin"]
[Black "Librelato, Kathie Goulart"]
[Result "1-0"]
[WhiteElo "1935"]
[BlackElo "2165"]
[PlyCount "51"]
[EventDate "2021.03.13"]
[EventType "swiss (blitz)"]
[EventRounds "10"]
[EventCountry "NET"]
[SourceTitle "EXT 2022"]
[Source "ChessBase"]
[SourceDate "2021.10.06"]
[SourceVersion "1"]
[SourceVersionDate "2021.10.06"]
[SourceQuality "1"]

1. Nf3 Nf6 2. c4 g6 3. g3 Bg7 4. Bg2 0-0 5. 0-0 d6 6. Nc3 Nc6 7. d3 Nh5 8. Rb1 a5 9. a3 f5 10. Bd2 f4 11. b4 axb4 12. axb4 Bg4 13. b5 Nd4 14. e3 Nxf3+ 15. Bxf3 Bxf3 16. Qxf3 fxg3 17. Qd5+ e6 18. Qxe6+ Kh8 19. fxg3 Qg5 20. Ne4 Qh6 21. Rxf8+ Rxf8 22. Rf1 Nf6 23. Nxf6 Qg5 24. Ne4 Rxf1+ 25. Kxf1 Qh5 26. Qe8+ 1-0

[Event "FIDE World Uni Blitz-B 1st"]
[Site "Tornelo INT"]
[Date "2021.03.13"]
[Round "7.23"]
[White "Ortega Carrasco, Alex Benjamin"]
[Black "Poulopoulos, Ioannis"]
[Result "0-1"]
[WhiteElo "1935"]
[BlackElo "2236"]
[PlyCount "78"]
[EventDate "2021.03.13"]
[EventType "swiss (blitz)"]
[EventRounds "10"]
[EventCountry "NET"]
[SourceTitle "EXT 2022"]
[Source "ChessBase"]
[SourceDate "2021.10.06"]
[SourceVersion "1"]
[SourceVersionDate "2021.10.06"]
[SourceQuality "1"]

1. Nf3 d5 2. c4 e6 3. g3 Nf6 4. Bg2 d4 5. d3 Nc6 6. 0-0 e5 7. a3 a5 8. Bg5 Be7 9. Nbd2 Bf5 10. Qb3 Rb8 11. Qb5 Nd7 12. Bxe7 Qxe7 13. Nh4 Be6 14. f4 exf4 15. Ne4 fxg3 16. hxg3 0-0 17. Nf5 Bxf5 18. Qxf5 Nce5 19. Rf4 Ng6 20. Rf2 Qe6 21. Qxa5 Nde5 22. Raf1 h6 23. Qxc7 f5 24. Nc5 Qf6 25. Bd5+ Kh7 26. Nd7 Nxd7 27. Qxd7 Qg5 28. Qc7 Rbc8 29. Qd6 Rcd8 30. Qc7 f4 31. Rg2 fxg3 32. Qxg3 Rxf1+ 33. Kxf1 Rf8+ 34. Bf3 Qc1+ 35. Qe1 Qe3 36. Qf2 Nf4 37. Be4+ g6 38. Kg1 Nxg2 39. Bxg6+ Kxg6 0-1

[Event "Temuco IRT Rumbo"]
[Site "Temuco"]
[Date "2020.01.27"]
[Round "2"]
[White "Navarrete Sandoval, Francisco Javier"]
[Black "Ortega Carrasco, Alex Benjamin"]
[Result "1/2-1/2"]
[WhiteElo "2088"]
[BlackElo "1938"]
[PlyCount "112"]
[EventDate "2020.01.27"]
[EventType "tourn"]
[EventRounds "9"]
[EventCountry "CHI"]
[SourceTitle "CBM 195 Extra"]
[Source "ChessBase"]
[SourceDate "2020.05.31"]
[SourceVersion "1"]
[SourceVersionDate "2020.05.31"]
[SourceQuality "1"]

1. d4 Nf6 2. c4 e6 3. Nf3 b6 4. g3 Ba6 5. Qc2 Bb4+ 6. Bd2 Be7 7. Bg2 c6 8. 0-0 d5 9. Ne5 Nfd7 10. cxd5 cxd5 11. Nd3 Bb7 12. b4 0-0 13. Qb2 Nf6 14. b5 Ne4 15. Bf4 Nd7 16. f3 Nd6 17. Nd2 Rc8 18. Rfc1 Rxc1+ 19. Rxc1 g5 20. Be3 Qb8 21. Nb4 Nxb5 22. Nxd5 Ba3 23. Qxb5 Bxd5 24. Rc3 Qd6 25. Bxg5 Bb4 26. Rc2 Kg7 27. Bf4 e5 28. dxe5 Bc5+ 29. Kh1 Nxe5 30. h4 f6 31. e4 Bc6 32. Qe2 Qd4 33. Qf1 Ba4 34. Nb3 Bxb3 35. axb3 Rd8 36. Kh2 Qb4 37. Qa1 Bd4 38. Qxa7+ Rd7 39. Qa4 Qxa4 40. bxa4 Ra7 41. Bxe5 fxe5 42. Rc4 Be3 43. Bh3 h5 44. Kg2 Kf6 45. Kf1 Bc5 46. Ke2 Ra8 47. f4 Rg8 48. Kf3 Rd8 49. Bf1 Rd1 50. Be2 Ra1 51. Kg2 Ra2 52. Kf3 Ra3+ 53. Kg2 Ra2 54. Kf1 Ra1+ 55. Kg2 Ra2 56. Kf3 Ra3+ 1/2-1/2